[Event "Høstturneringen 2013"]
[Site "Ås, Akershus NOR"]
[Date "2013.09.05"]
[Round "1"]
[White "Heien, Aksel"]
[Black "Moberg, Jan Rune"]
[Result "0-1"]
[WhiteElo "961"]
[BlackElo "1538"]
[PlyCount "54"]
[EventDate "2013.09.05"]

1. d4 d5 2. c4 e5 3. cxd5 Qxd5 4. dxe5 Qxe5 5. Nf3 Qa5+ 6. Bd2 Qb5 7. Qc2 Bd6
8. Nc3 Qf5 9. e4 Qe6 10. Be2 a6 11. O-O Ne7 12. Rfe1 Nbc6 13. a3 Bd7 14. Nd5
O-O 15. Bc3 f6 16. Bc4 Kh8 17. Rad1 Ne5 18. Nd4 Qf7 19. Bb3 Qg6 20. f4 Ng4 21.
Rd3 h5 22. Nf5 Bxf5 23. exf5 Qh7 24. Bb4 Rac8 25. h3 Nh6 26. Re6 Bxb4 27. axb4
Neg8 0-1

[Event "Høstturneringen 2013"]
[Site "Ås, Akershus NOR"]
[Date "2013.09.10"]
[Round "2"]
[White "Lea, Per"]
[Black "Seim, Fredrik"]
[Result "1/2-1/2"]
[WhiteElo "1655"]
[BlackElo "1565"]
[Annotator "Lea, Per"]
[PlyCount "101"]
[EventDate "2013.09.05"]

1. e4 c5 2. Nf3 e6 3. d4 cxd4 4. Nxd4 Bc5 5. c3 Nc6 6. Be3 Qb6 7. b4 Bxd4 8.
Bxd4 Nxd4 9. Qxd4 Nf6 10. Bd3 O-O 11. O-O d6 12. Nd2 e5 13. Qxb6 axb6 14. a4
Be6 15. Rfc1 Rfc8 16. c4 Bd7 17. a5 bxa5 18. bxa5 Bc6 19. f3 Nd7 20. Nb3 Nc5
21. Nxc5 dxc5 22. Rd1 Rd8 23. Bc2 Rd4 24. Rxd4 cxd4 25. Kf2 Kf8 26. Bd3 Ke7 27.
c5 Kd8 28. Bc4 f6 29. Ke2 Kc7 30. Kd3 Bd7 31. Bd5 Bb5+ 32. Bc4 Kc6 33. Bxb5+
Kxb5 34. Rb1+ Kc6 35. Rb6+ Kxc5 36. Rxb7 Rxa5 37. Rxg7 Ra3+ 38. Kd2 Kc4 39.
Rc7+ Kb4 40. Rb7+ Kc4 41. Rc7+ Kb4 42. Rg7 h5 43. h4 Kc4 44. Rc7+ Kb4 45. Rc6
Ra2+ 46. Kd3 Rxg2 47. Rxf6 Ra2 48. Rf5 $2 {Feil retning å angripe fra, hvit
trodde at det var bedre å angripe 2 bønder enn 1, men poenget er at hvit må
hindre svarts konge å bli for aktiv. Den rette måten å gjøre dette på, er å gi
tårnsjakker i a-, b- og c-linja.} ({Riktig var derfor} 48. Re6 Ra3+ 49. Ke2 Kc3
50. Rc6+) 48... Ra3+ 49. Ke2 $4 Ra2+ (49... Kc3 50. Rxe5 Ra2+ 51. Kf1 d3 {
og svart vinner}) 50. Kd3 Ra3+ 51. Kd2 1/2-1/2

[Event "Høstturneringen 2013"]
[Site "Kolbotn, Akershus NOR"]
[Date "2013.09.27"]
[Round "2"]
[White "Moberg, Jan Rune"]
[Black "Flügel, Stefan"]
[Result "0-1"]
[WhiteElo "1500"]
[BlackElo "1675"]
[Annotator "Flügel, Stefan"]
[PlyCount "74"]
[EventDate "2013.09.05"]

1. d4 e6 2. c4 b6 3. Nf3 Bb7 4. g3 f5 5. Bg2 Nf6 6. O-O Be7 7.
Nc3 O-O 8. d5 Na6 9. Ng5 Ne8 $2 {
det tok meg 25 minutter før jeg spilte dette (nokså dårlig) trekk} (9... Qc8 {
er bedre}) 10. Nf7 ({etter} 10. dxe6 Bxg2 11. exd7 Bc6 (11... Bxf1 {
er i følge Rybka dårligere f.eks} 12. Ne6 Qb8 13. Nd5 Bf6 14. Nxf8 Bxe2 15.
Qxe2 Kxf8 16. Qf3 Nc5 17. dxe8=Q+ Qxe8 18. Nxf6 gxf6 19. Qxf5) 12. dxe8=Q {
ville hvit har vunnet en bonde}) 10... Qb8 11. Ne5 Nf6 12. Bg5 Rd8 13. Bxf6 (
13. e4 {er mer dynamisk og trolig bedre}) 13... Bxf6 14. f4 Bxe5 15. fxe5 c5 $1
16. e4 $6 {ofre bonden på e5} (16. dxe6 dxe6 17. Qxd8+ Qxd8 18. Bxb7 Nb4 19.
Rad1 Qe8 20. Bxa8 Qxa8 21. Rd6 {her står hvit bedre i følge Rybka (+1)}) 16...
Qxe5 17. exf5 exf5 18. Re1 Qf6 19. a3 Re8 20. Qd2 Kf8 $2 {
et dumt trekk rett og slett} 21. Rf1 $2 (21. Ne4 $1 Qd4+ (21... fxe4 22. Rf1)
22. Qxd4 cxd4 23. Nd6 Rxe1+ 24. Rxe1 Rb8 25. Nxf5 d3 26. Rd1 {
ville har vunnet lett for hvit}) 21... Kg8 22. Kh1 Re5 23. Ne4 Qg6 24. Nc3 Rae8
25. Qf4 d6 26. Rad1 Nc7 27. Bh3 $2 {hvit så ikke svarts neste trekk} Ne6 $1 28.
Bxf5 $4 {
en feil kommer sjelden allene; etter det er det et enkelt spill for svart} Nxf4
29. Bxg6 Nxg6 30. Nb5 Rd8 31. Nxa7 Re2 32. b4 Ne5 33. Rf4 Rf8 34. Rxf8+ Kxf8
35. Rf1+ Ke7 36. bxc5 dxc5 37. Rf4 Nxc4 {og hvit ga opp} 0-1

[Event "Høstturneringen 2013"]
[Site "Ås, Akershus NOR"]
[Date "2013.09.12"]
[Round "2"]
[White "Bakken, Svein-Erik"]
[Black "Kielland-Lund, Jon"]
[Result "0-1"]
[WhiteElo "1423"]
[BlackElo "1616"]
[PlyCount "104"]
[EventDate "2013.09.05"]

1. d4 d5 2. c4 c6 3. Nc3 dxc4 4. a4 e5 5. e3 exd4 6. exd4 Be6 7. Nf3 Bb4 8. Ne5
Nd7 9. Nxc4 Ngf6 10. Be2 O-O 11. O-O Nb6 12. Ne5 Nfd5 13. Nxd5 Nxd5 14. Qc2 f6
15. Nf3 Kh8 16. Rd1 Qc7 17. Bd2 Bd6 18. h3 a5 19. Re1 Qd7 20. Bf1 Bf5 21. Qd1
Nb4 22. Bxb4 Bxb4 23. Re3 Rfe8 24. Bd3 Rad8 25. Bxf5 Qxf5 26. Qe2 Qd7 27. Rd1
Kg8 28. Rdd3 Kf8 29. Rxe8+ Rxe8 30. Re3 g6 31. Qd3 Re7 32. Kf1 Qd5 33. Qb3 Qxb3
34. Rxb3 Kf7 35. g3 Ke6 36. Re3+ Kd5 37. Rxe7 Bxe7 38. Ke2 Kc4 39. Kd2 Kb3 40.
Kc1 Bb4 41. h4 h5 42. Kb1 Kxa4 43. Kc2 b6 44. Ne5 fxe5 45. dxe5 Kb5 46. Kd3 Be7
47. f4 Kc5 48. Ke4 b5 49. f5 gxf5+ 50. Kxf5 Kd5 51. g4 hxg4 52. h5 Bf8 0-1

[Event "Høstturneringen 2013"]
[Site "Ås, Akershus NOR"]
[Date "2013.09.12"]
[Round "2"]
[White "Furnes, Torstein"]
[Black "Høva, Frode"]
[Result "1-0"]
[WhiteElo "1575"]
[BlackElo "1571"]
[Annotator "Furnes, Torstein"]
[PlyCount "103"]
[EventDate "2013.09.05"]

1. d4 Nf6 2. c4 c5 3. d5 e6 4. Nc3 exd5 5. cxd5 d6 6. e4 g6 7. Nf3 Bg7 8. Bd3
O-O 9. O-O Na6 {Dette trekket står ikke i åpningsbasen til Fritz 10, men er
spilt 35 ganger i den store online databasen 365chess.com.} 10. Bxa6 bxa6 11.
Bg5 Qb6 12. Rb1 Re8 13. Re1 Qb4 14. a3 Qc4 $6 15. Nd2 $6 ({
Hvit får fordel etter} 15. e5 $1 Bf5 (15... dxe5 16. Bxf6 Bf5 (16... Bxf6 $4
17. Re4) 17. Bxg7 Kxg7 18. Rc1) 16. exf6 Bxb1 17. fxg7 Bf5 18. Be7 Qf4 19. h3
Kxg7) 15... Qd4 16. Be3 Qd3 {En litt spesiell stilling med den svarte
dronningen alene på hvits banehalvdel, omgitt av hvite offiserer og uten
fluktfelter.} 17. f3 $6 ({Bedre er} 17. Bf4 Ng4 (17... Rd8 $4 18. Re3 Qd4 19.
Ne2) 18. h3 Bh6 19. Ne2 Nxf2 20. Kxf2 Bxf4 21. Nxf4) 17... Nh5 18. Qa4 Bb7 ({
Fritz vil heller spille} 18... Rd8 19. Qc4 Qxc4 20. Nxc4) 19. Qd7 ({
Hvit vinner materiell etter} 19. Rbd1 Bxc3 20. Nc4 Qxc4 21. Qxc4 Bxe1 22. Rxe1)
19... Bxc3 {I de neste 13 trekkene er Fritz 10 stort sett enig med valgene vi
gjør. Både hvit og svart følger enten første- eller andrevalget til Fritz i
alle trekkene !} 20. bxc3 Bxd5 21. Qxd6 Rad8 22. Qxc5 Be6 23. c4 Rc8 24. Qxa7
Bxc4 25. Nxc4 Rxc4 26. Qxa6 Rec8 27. a4 Qa3 28. Ra1 Qb2 29. Qb5 Rb4 30. Qg5 Ng7
31. a5 Ne6 32. Qg3 Nd4 33. Bxd4 ({Men her mener Fritz det er bedre å spille} 
33. Qh3 Ra8 34. Rad1) 33... Rxd4 ({Fritz foreslår} 33... Qxd4+ 34. Qf2 Rc2 35.
Qxd4 Rxd4 {svart truer å tårndoble på 2. raden og gi evig sjakk på kongen} 36.
Red1 Rb4 37. Rdb1 Rd4) 34. a6 Ra8 35. Reb1 Qc3 36. Rb8+ (36. a7 $2 {
ville vært en feil som gjør at hvit mister a-bonden, ifølge Fritz} Rb4 37. Qf2
Rb7 38. Kh1 Raxa7) 36... Rd8 37. Rxd8+ Rxd8 38. Qe1 Qd4+ 39. Kh1 Ra8 40. Qa5
Qb2 41. a7 Kg7 42. h3 Qd4 43. Qa6 Qc3 44. Rb1 Qc5 $6 45. Ra1 ({
Fritz mener at hvit nå kunne få avgjørende angrep etter} 45. Qa1+ Kh6 46. Rb7
Qc4 47. Qb2 Qe6 48. h4 Qc4 49. Qd2+ Kg7 50. h5 gxh5 51. Qg5+ Kh8 52. Rb8+)
45... Qc3 46. Qa5 Qd4 47. Kh2 Qd6+ 48. e5 Qd4 49. Ra4 Qe3 50. Qc7 Qb3 51. Qc6
Kh6 52. Rh4+ 1-0

[Event "Høstturneringen 2013"]
[Site "Ås, Akershus NOR"]
[Date "2013.09.12"]
[Round "2"]
[White "Petersen, Rune"]
[Black "Thowsen, Alf Geir"]
[Result "0-1"]
[WhiteElo "899"]
[BlackElo "1166"]
[PlyCount "57"]
[EventDate "2013.09.05"]

1. d4 Nf6 2. Nf3 e6 3. Bg5 Be7 4. Bxf6 Bxf6 5. e3 O-O 6. Bd3 b6 7. Be4 d5 8.
Bd3 Nd7 9. O-O Bb7 10. Nc3 c5 11. b3 cxd4 12. Nxd4 a6 13. f4 Rc8 14. Nce2 Nc5
15. Ng3 g6 16. Rc1 Rc7 17. b4 Nxd3 18. Qxd3 Rc4 19. c3 Qc7 20. Rf2 Rc8 21. Rfc2
Bxd4 22. exd4 Qxf4 23. Ne2 Qc7 24. Rf1 e5 25. dxe5 Qxe5 26. Nd4 Qe4 27. Qf3
Qxf3 28. Rxf3 Rxd4 29. Rxf7 0-1

[Event "Høstturneringen 2013"]
[Site "Ås, Akershus NOR"]
[Date "2013.09.26"]
[Round "2"]
[White "Aalmo, Alexander"]
[Black "Olsen, Trygve"]
[Result "0-1"]
[WhiteElo "1104"]
[BlackElo "1287"]
[Annotator "Lea, Per"]
[PlyCount "110"]
[EventDate "2013.09.05"]

1. d4 d5 2. Nf3 Nf6 3. Bg5 c6 4. e3 Ne4 5. Bh4 Nd7 6. Bd3 Ndf6 7. Nbd2 Bg4 8.
c3 h6 9. Qc2 g5 10. Bg3 Nxg3 11. hxg3 Nd7 12. Nh2 Be6 13. f4 Nf6 14. O-O-O g4
15. e4 h5 16. e5 Ng8 17. f5 Bc8 18. Nxg4 b6 19. Nf1 Qc7 20. Nfe3 f6 21. Rh3 Bb7
22. Rdh1 O-O-O 23. Rxh5 Rxh5 24. Rxh5 fxe5 25. Nxe5 Bh6 26. Qe2 c5 27. Nf3 $2 (
27. Kb1 cxd4 28. cxd4 {bør være grei vinst for hvit}) 27... Qxg3 28. Kc2 c4 29.
Nf1 $4 (29. Nxc4 dxc4 30. Bxc4 Bf4 {med lik stilling}) (29. Bxc4 dxc4 30. Qxc4+
Kb8 31. Qe2 Qf4 32. Nc4 Qc1+ {og selv om hvit har 3 bønder for offiseren, står
svart klart best blant annet på grunn av løperparet}) 29... cxd3+ 30. Kxd3 Ba6+
31. Kc2 Bxe2 32. Nxg3 Bxf3 33. gxf3 Bf4 34. Ne2 Bd6 35. Rg5 Nf6 36. Kd3 Rh8 37.
b4 b5 38. Ke3 Kd7 39. Rg1 Ra8 40. Kf2 a5 41. a3 a4 42. Rh1 Rg8 43. Rg1 Rh8 44.
Rg2 Rh5 45. Ng3 {Hvit burde heller ha gitt f-bonden uten offisersbytte. Etter
teksttrekket blir oppgaven mye lettere for svart.} Bxg3+ 46. Rxg3 Rxf5 47. Ke3
Rh5 48. Kf2 Ke6 {Det enkleste var springervandringen f6-e8-d6-c4 og a3-bonden
må falle, eventuelt etter at svart har framtvunget et tårnbytte} 49. Kg2 Kf5
50. Kf2 Kf4 51. Kg2 Rg5 52. Rxg5 Kxg5 53. Kf2 Kf4 54. Ke2 Nh5 55. Kf2 Ng3 {
og hvit ga opp den håpløse kampen} 0-1

[Event "Høstturneringen 2013"]
[Site "Ås, Akershus NOR"]
[Date "2013.09.26"]
[Round "3"]
[White "Kielland-Lund, Jon"]
[Black "Lea, Per"]
[Result "1/2-1/2"]
[WhiteElo "1616"]
[BlackElo "1658"]
[Annotator "Lea, Per"]
[PlyCount "91"]
[EventDate "2013.09.05"]

1. c4 c5 2. Nf3 Nf6 3. d4 cxd4 4. Nxd4 g6 ({
I motsetning til Critter 1.6 likte jeg ikke} 4... e5 5. Nb5 d6 {på grunn av
den svake d-bonden, men resultatet ble at jeg endte opp med en mye verre
bondestilling}) 5. Nc3 Bg7 6. e4 d6 7. Be2 O-O 8. O-O Nc6 9. Be3 a6 10. Nxc6
bxc6 11. c5 d5 12. e5 Nd7 13. f4 f5 $4 14. Na4 {
Hvit velger en forsiktig plan,noe som kan være ekkelt nok} ({Men} 14. Nxd5 {
gir klar fordel for hvit:} Nxc5 15. Nb4 Ne4 16. Qxd8 Rxd8 17. Bc4+ Kf8 18. Nxc6
Rd7 19. Rfd1) 14... Rb8 15. b3 e6 16. g3 Qa5 17. Bd2 Qc7 18. Bc3 ({
Svart hadde selvfølgelig håpet på} 18. Be3 Qa5 19. Bd2 {med remis etter
trekkgjentakelse, men hvit bygger heller opp stillingen steg for steg.}) 18...
Rd8 $2 {I mangel på fornuftige trekk.} (18... Rf7 {
var kanskje mer fornuftig, men ble forkastet fordi det så litt for "rart" ut...
}) 19. Qd2 Re8 20. Ba5 Qa7 21. Qd4 Bf8 22. b4 Be7 23. a3 Bd8 {
Svart forsvarer seg tappert, men vakker sjakk er det ikke!} 24. Bxd8 Rxd8 25.
g4 {Virker sterkt, men silisiumboksene ser annerledes på det. Å åpne linjene
mot den svarte kongen når de svarte offiserene befinner seg på dronningfløyen,
bør være en fornuftig plan. Å fortsette en rolig oppbygging med å plassere et
av tårnene i b- eller d-linja var et alternativ.} Kh8 (25... a5 26. Nc3 Ba6 {
skal visstnok gi likt spill, men personlig foretrekker jeg helt klart hvits
stilling}) 26. g5 a5 27. Rfb1 Ba6 28. Qd2 Bxe2 29. Qxe2 {I følge Citter er nå
stillingen i ferd med å vippe over til svarts fordel, men jeg vil fremdeles
anse hvits stilling som best} Qb7 30. Qd3 ({På} 30. bxa5 {hadde jeg planlagt}
Qxb1+ 31. Rxb1 Rxb1+ 32. Kg2 Rb5 33. Qd2 Ra8 34. Nb6 Nxb6 35. cxb6 Raxa5 {
med lik stilling}) 30... Qb5 $2 (30... axb4 31. axb4 {
Det er bedre å holde bøndene samlet enn å satse på en fribonde i a-linja} Ra8
32. Qd4 {og hvit klarer (sannsynligvis) ikke å utnytte de svake bøndene på e6
og c6. Men det er det muligheter for etter et dronningbytte!}) 31. Qxb5 Rxb5
32. Nc3 Rbb8 33. Ne2 $1 {Enkelt, men brutalt! Hvit får en kjempespringer på d4
som lammer svart fullstendig.} Nf8 34. Nd4 Rdc8 35. bxa5 {Et bondeframstøt med
h-bonden og/eller en kongevandring hadde beholdt en klar fordel: svart har
ingen fornuftig plan og må bare gjøre ventetrekk} Ra8 36. Rb6 Rxa5 37. Nb3 $2 (
37. a4 {og hvit beholder fordelen}) 37... Ra4 38. Rb4 Rca8 39. Rb1 Rxa3 40. Nd4
Rc3 41. Rb8 Rxb8 42. Rxb8 Kg7 43. Rb7+ Kg8 44. Rb8 (44. Kf2 Rxc5 45. Rb8 {
og svart har ikke noe bedre enn} Rc4 (45... Kf7 $4 46. Rxf8+ Kxf8 47. Nxe6+ {
og hvit vinner}) 46. Nxe6 Kf7 47. Nxf8 Rxf4+ 48. Ke3 Rh4 49. e6+ Ke7 50. Nxh7
Kxe6 {og selv om "svarte fribønder går fortest", så er det hvit som har
vinstmulighetene her}) 44... Kg7 45. Rb7+ Kg8 46. Rb8 {og spillerne ble enige
om remis. Svart pustet lett ut og gikk hjem og feiret den halve seieren med et
lite glass rødt...} 1/2-1/2

[Event "Høstturneringen 2013"]
[Site "Ås, Akershus NOR"]
[Date "2013.09.26"]
[Round "3"]
[White "Flügel, Stefan"]
[Black "Bakken, Svein-Erik"]
[Result "1-0"]
[WhiteElo "1675"]
[BlackElo "1423"]
[PlyCount "43"]
[EventDate "2013.09.05"]

1. d4 d5 2. Nf3 e6 3. e3 c5 4. c3 Nc6 5. Bd3 Nf6 6. Nbd2 Be7 7. O-O O-O 8. Re1
Qb6 9. b3 cxd4 10. exd4 Bd7 11. Ne5 Rac8 12. Nxd7 Nxd7 13. Nf3 Nf6 14. Bg5 Rfe8
15. Rc1 a6 16. Bb1 g6 17. h4 Nh5 18. Bxe7 Nxe7 19. g4 Nf6 20. Ne5 Rc7 21. Qf3
Ne4 22. Qxf7+ 1-0

[Event "Høstturneringen 2013"]
[Site "Kolbotn, Akershus NOR"]
[Date "2013.10.07"]
[Round "3"]
[White "Seim, Fredrik"]
[Black "Moberg, Jan Rune"]
[Result "0-1"]
[WhiteElo "1570"]
[BlackElo "1500"]
[Annotator "Furnes, Torstein"]
[PlyCount "84"]
[EventDate "2013.09.05"]

1. e4 e5 2. Nf3 d6 3. d4 Nd7 4. Bc4 c6 5. O-O Be7 6. a4 Ngf6 7. Re1 O-O 8. Bb3
b5 9. c3 Bb7 10. Nbd2 a6 11. Nf1 c5 12. Ng3 c4 13. Bc2 Re8 14. Nf5 Bf8 15. Bg5
Qc7 16. d5 h6 17. Bh4 g6 18. Ne3 Nh5 19. Bg3 Ndf6 20. Qd2 Rab8 21. Bh4 g5 22.
Bg3 Nf4 23. Bxf4 gxf4 24. Nf5 Bg7 25. N3h4 Kh7 26. Qe2 Rg8 27. Qf3 Bf8 28. axb5
axb5 29. Ra7 Be7 30. Qh3 Bf8 31. Nf3 Rg4 32. Rea1 Rg6 33. N5h4 Rg7 $2 34. Qf5+
Kg8 35. Qxf6 Rc8 36. Nf5 Rh7 37. N3h4 Qd7 38. Bd1 Rc7 39. Bg4 h5 40. Nh6+ $2 (
40. Rxb7 $1 {gir forsert matt ifølge Fritz 10 ! F.eks.} Rxb7 (40... hxg4 41.
Rxc7 Qxc7 42. Ra8 Qb7 43. Qg5+ Rg7 44. Qxg7#) 41. Ra8 {
med matt i 4 trekk (hovedtrusselen er Dg5+ osv)}) 40... Rxh6 41. Qg5+ Rg6 42.
Qxh5 $2 ({Fritz foreslår} 42. Qxg6+ fxg6 43. Bxd7 Rxd7 44. Nxg6 $18) (42. Nxg6
Qxg4 43. Qxg4 hxg4 44. Nxf8 Kxf8 45. R1a5 $18) 42... Rxg4 {Hvit er offiser
under og ga opp. Men Fritz 10 mener at svarts fordel er ca. -0.8 og at hvit
dermed kunne prøvd noen trekk til. Fritz foreslår:} (42... Rxg4 43. Rxb7 $1
Rxb7 44. Ra8 Rc7 45. h3 Rg7 46. Nf5 Rg6 47. Nh4 Rc8 48. Rxc8 Qxc8 49. Nxg6 fxg6
50. Qxg6+ Kh8 $17) 0-1

[Event "Høstturneringen 2013"]
[Site "Ås, Akershus NOR"]
[Date "2013.09.26"]
[Round "3"]
[White "Høva, Frode"]
[Black "Garmark, Vegard"]
[Result "1-0"]
[WhiteElo "1571"]
[BlackElo "1182"]
[PlyCount "105"]
[EventDate "2013.09.05"]

1. d4 d5 2. c4 e6 3. Nc3 Nf6 4. Bg5 Be7 5. cxd5 exd5 6. Qc2 Nc6 7. e3 a6 8. a3
h6 9. Bh4 Be6 10. Bd3 O-O 11. Nge2 Ng4 12. Bg3 Bh4 13. Nf4 Qf6 14. Ncxd5 Bxd5
15. Nxd5 Qd8 16. Nf4 Be7 17. O-O Bd6 18. Be4 Qd7 19. Bf5 Nxe3 20. fxe3 Qe7 21.
Rae1 Rad8 22. Nd5 Qg5 23. Bxd6 Rxd6 24. Nf4 Ne7 25. Bd3 c5 26. dxc5 Rc6 27. Be4
Rxc5 28. Qd3 Qe5 29. Rc1 g5 30. Rxc5 Qxc5 31. Ne2 Qb6 32. b4 Rd8 33. Nd4 Nd5
34. Bxd5 Rxd5 35. Qe4 Rd8 36. Qe7 Rf8 37. Rf6 Qd8 38. Qxd8 Rxd8 39. Rxh6 Rc8
40. Rb6 Rc3 41. Rxb7 Rxa3 42. Kf2 Kg7 43. Kf3 Kg6 44. g4 Ra2 45. h3 Rb2 46.
Rb6+ f6 47. Nf5 Kf7 48. Ng3 Rh2 49. Rxa6 Rxh3 50. b5 Rh8 51. Nh5 Rb8 52. Rxf6+
Ke7 53. Rf5 1-0

[Event "Høstturneringen 2013"]
[Site "Ås, Akershus NOR"]
[Date "2013.10.10"]
[Round "4"]
[White "Furnes, Torstein"]
[Black "Flügel, Stefan"]
[Result "1-0"]
[WhiteElo "1575"]
[BlackElo "1675"]
[Annotator "Furnes, Torstein"]
[PlyCount "100"]
[EventDate "2013.09.05"]

1. d4 f5 2. c4 Nf6 3. Nc3 g6 4. Nf3 Bg7 5. Bg5 Ne4 6. Bf4 Nxc3 7. bxc3 d6 {
Så langt har vi fulgt partiet Grueneschild - Schwartzman (2300), Bad Ragaz
1990. Men der fortsatte partiet med 8.h4.} 8. g3 c5 9. Bg2 Qa5 10. Bd2 Qa6 11.
Qb3 O-O 12. Qb5 Bd7 13. Qxa6 Nxa6 14. Bf4 $6 $17 {
Svarts fordel er nå oppe i -0.7 ifølge Fritz 10.} Bc6 15. O-O Rae8 16. d5 Bd7
17. Rac1 h6 18. h4 Nc7 19. Rfe1 b5 20. cxb5 Nxd5 21. Bd2 Nf6 (21... Nb6 {
er bedre ifølge Fritz 10.}) 22. c4 Ne4 23. Ba5 f4 24. Nd2 Nxf2 $1 {Dette gode
springerofferet er førstevalget til Fritz, og vurderes som svart fordel på -0.3.
} 25. Kxf2 {Men svart velger feil fortsettelse} fxg3+ $18 ({
Fritz vil heller spille} 25... Bd4+ 26. Kf1 fxg3+ 27. Nf3 (27. Bf3 $4 Bh3#)
27... e5 28. e3 Bb2 29. Kg1 Bxc1 30. Rxc1) 26. Kg1 ({Selvsagt ikke} 26. Kxg3 $4
Be5#) 26... Bb2 27. Rc2 (27. Rb1) 27... Bf6 28. Nf3 (28. Bc6 Bxc6 29. bxc6 Bxh4
30. Nf3 Bf6 31. Kg2) 28... Bf5 29. e4 Bg4 30. e5 dxe5 (30... Bxf3 31. exf6 Rxf6
32. Rc3 Bxg2 33. Kxg2) 31. Nxe5 Bf5 32. Rd2 Bxh4 33. Nd7 Rf7 ({Etter} 33...
Bxd7 $2 34. Rxd7 {har hvit fordel på +3.6 ifølge Fritz.}) 34. Bd5 ({
Alternativt kunne hvit spilt} 34. Nxc5 Rc8 35. Rd8+ Kg7 36. Rxc8 Bxc8 37. Bc3+)
34... e6 35. Nxc5 $1 g2 $6 ({Fritz vil heller spille} 35... Bh3 36. Bg2 Bxg2
37. Kxg2 Rc8) 36. Rxe6 $1 Rc8 (36... Bxe6 37. Bxe6 Rxe6 38. Nxe6) 37. Rc6 Rxc6
38. bxc6 Be1 39. c7 ({Mest effektivt ifølge Fritz er:} 39. Nd7 Bxd2 40. Bxd2
Kg7 41. Bc3+ Kg8 42. Ne5 {osv}) 39... Bxd2 40. Bxd2 Kg7 41. Bxf7 ({
Raskeste vinst ifølge Fritz er} 41. Bxh6+ $1 Kf6 42. Ne4+ $1 Ke7 (42... Bxe4 $2
43. c8=Q) 43. Bxf7 Kd7 (43... Kxf7 44. Nd6+) 44. Bf4 a5 (44... Bxe4 $2 45. Be6+
Kxe6 46. c8=Q+) 45. Nc5+ Ke7 46. Be6 Bxe6 47. Nxe6) 41... Kxf7 42. Bxh6 Bh3 43.
Bg5 {Hvits springer og løper danner tilsammen en diagonal vegg som gjør at
svarts konge ikke slipper ut fra feltene i hjørnet.} Bf5 44. Kxg2 ({
Førstevalget til Fritz er} 44. Nb7 Bd7 (44... Ke6 45. c8=Q+) 45. Nd8+ Ke8 46.
c5 Bf5 47. c6 Bg4 48. Nb7 a6 49. Nd6+ Kf8 50. c8=Q+) 44... Bc8 45. Kf3 a5 46.
Ke4 a4 47. a3 Bh3 48. Kd5 Ke8 49. Kd6 Bg4 50. Ne6 Kf7 1-0

[Event "Høstturneringen 2013"]
[Site "Ås, Akershus NOR"]
[Date "2013.10.10"]
[Round "4"]
[White "Moberg, Jan Rune"]
[Black "Kielland-Lund, Jon"]
[Result "1/2-1/2"]
[WhiteElo "1500"]
[BlackElo "1613"]
[PlyCount "87"]
[EventDate "2013.09.05"]

1. c4 e5 2. g3 Nf6 3. Bg2 Nc6 4. Nf3 d5 5. O-O dxc4 6. a3 Be6 7. Nc3 Nd5 8. d4
Nxc3 9. bxc3 f6 10. e4 Bg4 11. d5 Na5 12. Be3 Nb3 13. Ra2 b5 14. h3 Bxf3 15.
Qxf3 a6 16. Qh5+ g6 17. Qe2 Bc5 18. a4 O-O 19. Rd1 Kg7 20. f4 Qd6 21. Kh2 Bxe3
22. Qxe3 Rfd8 23. Bf3 h5 24. f5 Rh8 25. fxg6 Kxg6 26. Qe2 Qf8 27. g4 h4 28. g5
fxg5 29. Bg4 Qf4+ 30. Kh1 Rhf8 (30... Nc1 $19) 31. Bf5+ Kh6 32. Qg2 Rad8 33.
axb5 axb5 34. Rf2 Qg3 35. Rg1 Qxg2+ 36. Rfxg2 Rg8 37. Be6 Rg6 38. Rf2 Nc5 39.
Bf5 Rf6 40. Ra2 Na4 41. Rag2 Rg8 42. Rc1 Rd8 43. Rcg1 Rg8 44. Rc1 1/2-1/2

[Event "Høstturneringen 2013"]
[Site "Ås, Akershus NOR"]
[Date "2013.10.10"]
[Round "4"]
[White "Høva, Frode"]
[Black "Olsen, Trygve"]
[Result "1-0"]
[WhiteElo "1578"]
[BlackElo "1244"]
[Annotator "Lea, Per"]
[PlyCount "39"]
[EventDate "2013.09.05"]

1. d4 g6 2. c4 c5 3. Nf3 Bg7 4. Nc3 cxd4 5. Nxd4 Nc6 6. Nxc6 bxc6 7. e4 e6 8.
Bd3 Ne7 9. O-O O-O 10. Be3 f5 11. Bg5 f4 12. Qg4 e5 13. Qh4 Rf7 ({Etter} 13...
Kf7 14. c5 h6 15. Bc4+ Ke8 16. Bxe7 Qxe7 17. Qxe7+ Kxe7 18. Rfd1 {
er svart fremdeles med}) 14. c5 h6 15. Bxh6 Bxh6 16. Qxh6 Rh7 17. Bc4+ Kh8 18.
Qg5 d6 19. Qf6+ Rg7 20. cxd6 {Oppgitt: svart taper minst springeren} 1-0

[Event "Høstturneringen 2013"]
[Site "Ås, Akershus NOR"]
[Date "2013.10.10"]
[Round "4"]
[White "Garmark, Vegard"]
[Black "Seim, Fredrik"]
[Result "0-1"]
[WhiteElo "1225"]
[BlackElo "1570"]
[Annotator "Lea, Per"]
[PlyCount "52"]
[EventDate "2013.09.05"]

1. e4 e6 2. d4 d5 3. exd5 exd5 4. Bd3 Bd6 5. Ne2 Qh4 6. Ng3 Nf6 7. Be2 O-O 8.
Nd2 $2 Qxd4 9. O-O Be6 10. c3 Qb6 11. b4 {Svekker bondestillingen} a5 12. b5
Nbd7 13. c4 Qd4 14. Rb1 dxc4 15. Bb2 $4 (15. Nxc4 Bc5 16. Qxd4 Bxd4) 15... c3
16. Ba1 Qxd2 17. Qxd2 cxd2 18. Rfd1 Bxa2 19. Rb2 Be6 20. Rbxd2 Rfe8 21. Bf3
Rab8 22. Bc3 a4 23. Rd4 a3 24. Ra1 Be5 25. Rxa3 Bxd4 26. Bxd4 Bc4 0-1

[Event "Høstturneringen 2013"]
[Site "Ås, Akershus NOR"]
[Date "2013.10.10"]
[Round "4"]
[White "Aalmo, Alexander"]
[Black "Simonsen, Steinar"]
[Result "0-1"]
[WhiteElo "1104"]
[BlackElo "1351"]
[PlyCount "84"]
[EventDate "2013.09.05"]

1. d4 d5 2. Nf3 e6 3. Bg5 Be7 4. Bf4 c5 5. e3 Nc6 6. c3 Nf6 7. h3 O-O 8. Nbd2
cxd4 9. cxd4 Ne4 10. a3 Bd6 11. Bxd6 Qxd6 12. Bd3 f5 13. Qc2 Bd7 14. Nb3 Rac8
15. Nc5 Rc7 16. Rc1 Rfc8 17. Qb1 Na5 18. O-O Nxc5 19. dxc5 Qe7 20. b4 Nc6 21.
Rfd1 Qf6 22. Be2 Ne5 23. Nd4 Ba4 24. Rd2 b6 25. Nxf5 Qxf5 26. Qxf5 exf5 27.
Rxd5 Re8 28. b5 Bb3 29. Rd4 bxc5 30. Rd6 c4 31. Rc3 Rb8 32. f4 Nf7 33. Rd5 g6
34. a4 Bxa4 35. Bxc4 Kg7 36. Ra3 Rxc4 37. Rd7 Bxb5 38. Rdxa7 Rc2 39. Re7 Bc6
40. Ra1 Rxg2+ 41. Kf1 Rh2 42. Rc1 Rh1+ 0-1